| 000 | 00647cam a22001931a 4500 | ||
|---|---|---|---|
| 001 | 000001439 | ||
| 005 | 20200929145559.0 | ||
| 008 | 740606s1968 ilu b 001 0 eng | ||
| 040 |
_aDO-SdBNP _bspa _cBNPHU |
||
| 082 |
_a076 _bS386s |
||
| 100 | 1 |
_aSchulte, Henry F. _94782 |
|
| 245 | 1 | 4 |
_aThe Spanish press, 1470-1966 : _bprint, power, and politics / _cHenry F. Schulte. |
| 260 |
_aUrbana : _bUniversity of Illinois Press, _c1968. |
||
| 300 |
_axi, 280 p. ; _c22 cm. |
||
| 500 | _aIncluye índice: p. [259]-280. | ||
| 504 | _aBibliografía: p. [248]-257. | ||
| 650 | 4 |
_aPrensa _zEspaña _xHistoria _94783 |
|
| 650 | 4 |
_aPolítica y prensa _zEspaña _94784 |
|
| 999 |
_c1354 _d1354 |
||